[Event "NB II. Erkel csoport"]
[Site "Budapest"]
[Date "2024.03.03"]
[Round "5.6"]
[White "Minga-Nagy, Abel Inti"]
[Black "Nadasi, Balazs"]
[Result "0-1"]
[WhiteElo "1929"]
[BlackElo "2100"]
[PlyCount "72"]
[EventDate "2023.10.08"]
[EventType "team-tourn"]
[EventRounds "9"]
[EventCountry "HUN"]
[Source "chess.hu"]
[WhiteTeam "HASE"]
[BlackTeam "EUTender-Sinus-SDSE"]
[WhiteTeamCountry "HUN"]
[BlackTeamCountry "HUN"]

1. e4 c5 2. Nf3 d6 3. Nc3 Nf6 4. e5 dxe5 5. Nxe5 Nbd7 6. Nc4 e5 7. Qe2 Be7 8.
d3 O-O 9. g4 Nb6 10. Nxb6 axb6 11. g5 Nd5 12. Ne4 f5 13. gxf6 Bxf6 14. Rg1 Nf4
15. Bxf4 exf4 16. c3 f3 17. Qe3 Bf5 18. a3 Qd5 19. O-O-O Be5 20. Kb1 Bg6 21.
Bh3 Rae8 22. Ng5 c4 23. Qxb6 Bxd3+ 24. Ka1 Rf6 25. Qe3 Ra8 26. Be6+ Rxe6 27.
Nxe6 Qxe6 28. Qxf3 Qd6 29. Ka2 Bf6 30. Qxb7 Rb8 31. Qa7 Qe5 32. Rd2 Qb5 33.
Rgd1 Qb3+ 34. Ka1 Bxc3 35. bxc3 Qxc3+ 36. Ka2 Bb1+ 0-1

[Event "NB II. Erkel csoport"]
[Site "Budapest"]
[Date "2024.03.03"]
[Round "5.7"]
[White "Palla, Akos Botond"]
[Black "Schreuder Peters, Misja"]
[Result "1/2-1/2"]
[WhiteElo "1996"]
[BlackElo "1894"]
[PlyCount "110"]
[EventDate "2023.10.08"]
[EventType "team-tourn"]
[EventRounds "9"]
[EventCountry "HUN"]
[Source "chess.hu"]
[WhiteTeam "EUTender-Sinus-SDSE"]
[BlackTeam "HASE"]
[WhiteTeamCountry "HUN"]
[BlackTeamCountry "HUN"]

1. e4 c5 2. Nf3 d6 3. d4 cxd4 4. Nxd4 Nf6 5. Nc3 a6 6. Bg5 e6 7. f4 h6 8. Bh4
Qb6 9. Qd2 Qxb2 10. Rb1 Qa3 11. f5 Be7 12. Bf2 Ng4 13. Bg3 Bg5 14. Qd3 Ne5 15.
Bxe5 dxe5 16. fxe6 exd4 17. exf7+ Kf8 18. Qxd4 Bf6 19. e5 Nc6 20. Qe3 Qe7 21.
Nd5 Qxe5 22. Qxe5 Nxe5 23. Nb6 Rb8 24. Nxc8 Rxc8 25. Rxb7 Nxf7 26. Bxa6 Ne5 27.
O-O Kg8 28. c4 Ra8 29. Bb5 Rxa2 30. c5 Rc2 31. c6 Nxc6 32. Rc7 Nd4 33. Bc4+
Rxc4 34. Rxc4 Ne6 35. Rc8+ Kh7 36. Rxh8+ Kxh8 37. g3 Ng5 38. Kg2 Nf7 39. Kf3
Kg8 40. Rb1 Ne5+ 41. Kf4 Kf7 42. Kf5 Nc6 43. Rb7+ Ne7+ 44. Kg4 Kg6 45. Rb5 Nc6
46. h3 Ne5+ 47. Kf4 Nc4 48. h4 Nd6 49. Rd5 Nc8 50. Rb5 Ne7 51. Rc5 Kf7 52. Rb5
Ke6 53. Rb6+ Kd7 54. Rb1 Kd6 55. Rb6+ Kd7 1/2-1/2

[Event "NB II. Erkel csoport"]
[Site "Budapest"]
[Date "2024.03.03"]
[Round "5.8"]
[White "Demjen, Attila"]
[Black "Szabo, A. Martin"]
[Result "1-0"]
[WhiteElo "1893"]
[BlackElo "1896"]
[PlyCount "129"]
[EventDate "2023.10.08"]
[EventType "team-tourn"]
[EventRounds "9"]
[EventCountry "HUN"]
[Source "chess.hu"]
[WhiteTeam "HASE"]
[BlackTeam "EUTender-Sinus-SDSE"]
[WhiteTeamCountry "HUN"]
[BlackTeamCountry "HUN"]

1. e4 c5 2. c3 d5 3. exd5 Qxd5 4. d4 Nf6 5. Nf3 Bg4 6. Be2 e6 7. O-O Nc6 8. h3
Bh5 9. dxc5 Bxc5 10. Qxd5 Nxd5 11. a3 O-O 12. c4 Nb6 13. Nbd2 Bg6 14. Nb3 Be7
15. Bg5 Bxg5 16. Nxg5 Ne5 17. Nd2 Rac8 18. Rfc1 Rfd8 19. Ngf3 Nd3 20. Bxd3 Rxd3
21. c5 Na4 22. b4 Nc3 23. Kh2 Ne2 24. Re1 Nd4 25. Nxd4 Rxd4 26. Nf3 Rd5 27.
Rad1 Rcd8 28. Rxd5 Rxd5 29. Re3 Bd3 30. Ne1 Bb5 31. Nf3 h6 32. Ne1 Kf8 33. g4
e5 34. Kg3 g5 35. Ng2 Bd3 36. Ne1 Bb1 37. Ng2 f6 38. Rc3 Ke7 39. Ne3 Rd3 40.
Rxd3 Bxd3 41. h4 Ke6 42. hxg5 fxg5 43. f3 Kd7 44. Nf5 h5 45. Nd6 h4+ 46. Kf2 b6
47. Nf7 Ke6 48. Nxg5+ Kd5 49. cxb6 axb6 50. a4 Bg6 51. a5 bxa5 52. bxa5 Kc6 53.
Ne4 Kb5 54. Nd6+ Kxa5 55. Nc4+ Kb5 56. Nxe5 Bb1 57. Kg2 Kc5 58. Kh3 Kd5 59. f4
Ke4 60. Ng6 Kd5 61. Nxh4 Ke6 62. Nf3 Kf6 63. Kg3 Be4 64. Ng5 Bd5 65. Kf2 1-0

[Event "NB II. Erkel csoport"]
[Site "Budapest"]
[Date "2024.03.03"]
[Round "5.9"]
[White "Varaljai, Istvan"]
[Black "Csetneki, Mark"]
[Result "1/2-1/2"]
[WhiteElo "1928"]
[BlackElo "1880"]
[PlyCount "107"]
[EventDate "2023.10.08"]
[EventType "team-tourn"]
[EventRounds "9"]
[EventCountry "HUN"]
[Source "chess.hu"]
[WhiteTeam "EUTender-Sinus-SDSE"]
[BlackTeam "HASE"]
[WhiteTeamCountry "HUN"]
[BlackTeamCountry "HUN"]

1. e4 d6 2. d4 g6 3. f4 Bg7 4. Nc3 Nf6 5. Be2 O-O 6. Nf3 b6 7. O-O d5 8. Bd3
dxe4 9. Nxe4 Bb7 10. Qe2 Nxe4 11. Bxe4 Bxe4 12. Qxe4 Nd7 13. c3 c5 14. Be3 Nf6
15. Qd3 cxd4 16. Bxd4 Qc7 17. g3 Rad8 18. Qe2 Rfe8 19. Rad1 Qb7 20. Rfe1 e6 21.
h3 Rd5 22. c4 Rd7 23. Ne5 Rd6 24. c5 bxc5 25. Bxc5 Rxd1 26. Rxd1 Nd5 27. b4 a6
28. Rd2 Rc8 29. a3 Nc3 30. Qd3 Nd5 31. Qe4 Qb5 32. Nc4 Nf6 33. Qc2 Qc6 34. Nb6
Re8 35. Bd4 Qf3 36. Bxf6 Qxg3+ 37. Rg2 Qe3+ 38. Qf2 Qxf2+ 39. Kxf2 Bxf6 40. Ke3
Rd8 41. Rd2 Rxd2 42. Kxd2 Bd4 43. Nd7 h6 44. Kd3 Ba7 45. a4 g5 46. fxg5 hxg5
47. b5 axb5 48. axb5 Kg7 49. b6 Bxb6 50. Nxb6 Kg6 51. Ke3 Kh5 52. Kf3 Kh4 53.
Kg2 g4 54. hxg4 1/2-1/2

[Event "NB II. Erkel csoport"]
[Site "Budapest"]
[Date "2024.03.03"]
[Round "5.10"]
[White "Zoltan, Andras"]
[Black "Csajbok, Levente Tamas"]
[Result "1/2-1/2"]
[WhiteElo "1810"]
[BlackElo "1926"]
[PlyCount "22"]
[EventDate "2023.10.08"]
[EventType "team-tourn"]
[EventRounds "9"]
[EventCountry "HUN"]
[Source "chess.hu"]
[WhiteTeam "HASE"]
[BlackTeam "EUTender-Sinus-SDSE"]
[WhiteTeamCountry "HUN"]
[BlackTeamCountry "HUN"]

1. e4 e5 2. Bc4 Bc5 3. d4 Bxd4 4. Nf3 Nc6 5. O-O Nf6 6. Nxd4 Nxd4 7. Bg5 h6 8.
Bh4 g5 9. f4 d5 10. exd5 Bg4 11. Qe1 Qe7 1/2-1/2

[Event "NB II. Erkel csoport"]
[Site "Budapest"]
[Date "2024.03.03"]
[Round "5.11"]
[White "Kertesz, Aron Borsa"]
[Black "Szamoskozi, Peter"]
[Result "1-0"]
[WhiteElo "1881"]
[BlackElo "1795"]
[PlyCount "67"]
[EventDate "2023.10.08"]
[EventType "team-tourn"]
[EventRounds "9"]
[EventCountry "HUN"]
[Source "chess.hu"]
[WhiteTeam "EUTender-Sinus-SDSE"]
[BlackTeam "HASE"]
[WhiteTeamCountry "HUN"]
[BlackTeamCountry "HUN"]

1. e4 c5 2. Nf3 d6 3. d4 cxd4 4. Nxd4 Nf6 5. Nc3 g6 6. Be3 Bg7 7. f3 O-O 8. Qd2
Nc6 9. O-O-O Nxd4 10. Bxd4 Be6 11. Kb1 a6 12. g4 b5 13. h4 Qa5 14. Nd5 Qxd2 15.
Nxe7+ Kh8 16. Rxd2 Rfe8 17. g5 Nd7 18. Bxg7+ Kxg7 19. Nd5 Rac8 20. Bg2 Ne5 21.
Nf6 Red8 22. b3 Rc3 23. Rf1 Rdc8 24. Rff2 Rd8 25. Rxd6 Rxd6 26. Ne8+ Kf8 27.
Nxd6 Ke7 28. Kb2 Re3 29. Nb7 Nc6 30. Nc5 Bc8 31. Nd3 b4 32. Kc1 f5 33. gxf6+
Kxf6 34. Kd2 1-0

[Event "NB II. Erkel csoport"]
[Site "Budapest"]
[Date "2024.03.03"]
[Round "5.12"]
[White "Rabovszky, Gyorgy"]
[Black "Koczian, Benedek"]
[Result "1-0"]
[WhiteElo "1749"]
[BlackElo "1578"]
[PlyCount "67"]
[EventDate "2023.10.08"]
[EventType "team-tourn"]
[EventRounds "9"]
[EventCountry "HUN"]
[Source "chess.hu"]
[WhiteTeam "HASE"]
[BlackTeam "EUTender-Sinus-SDSE"]
[WhiteTeamCountry "HUN"]
[BlackTeamCountry "HUN"]

1. e4 e5 2. Nf3 Nc6 3. Bb5 a6 4. Ba4 Nf6 5. O-O b5 6. Bb3 Be7 7. d3 d6 8. h3
O-O 9. Nc3 h6 10. Ne2 Be6 11. Bxe6 fxe6 12. a4 Nh5 13. d4 exd4 14. Nexd4 Qd7
15. Nxc6 Qxc6 16. Nd4 Qxe4 17. axb5 Qd5 18. bxa6 Nf6 19. Be3 e5 20. Nf5 Qe6 21.
Nxe7+ Qxe7 22. c4 Rfb8 23. Qc2 c5 24. f4 Rb6 25. fxe5 Qxe5 26. Bxh6 Qe4 27.
Qxe4 Nxe4 28. Rae1 gxh6 29. Rxe4 Rxb2 30. Rg4+ Kh7 31. Rf7+ Kh8 32. a7 Ra2 33.
Rgg7 Rb2 34. Rb7 1-0

[Event "NB II. Erkel csoport"]
[Site "Budapest"]
[Date "2024.03.03"]
[Round "5.1"]
[White "Szamoskozi, Gabor"]
[Black "Budai, David"]
[Result "1/2-1/2"]
[WhiteElo "2232"]
[BlackElo "2329"]
[PlyCount "24"]
[EventDate "2023.10.08"]
[EventType "team-tourn"]
[EventRounds "9"]
[EventCountry "HUN"]
[Source "chess.hu"]
[WhiteTeam "Vizugyi SC"]
[BlackTeam "HUSI SC"]
[WhiteTeamCountry "HUN"]
[BlackTeamCountry "HUN"]

1. e4 c5 2. Nf3 Nc6 3. d4 cxd4 4. Nxd4 g6 5. Nc3 Bg7 6. Be3 Nf6 7. Bc4 O-O 8.
Bb3 d6 9. f3 Bd7 10. Qd2 Nxd4 11. Bxd4 b5 12. a3 a5 1/2-1/2

[Event "NB II. Erkel csoport"]
[Site "Budapest"]
[Date "2024.03.03"]
[Round "5.2"]
[White "Erdelyi, Zombor"]
[Black "Mika, Janos"]
[Result "1-0"]
[WhiteElo "2282"]
[BlackElo "2107"]
[PlyCount "67"]
[EventDate "2023.10.08"]
[EventType "team-tourn"]
[EventRounds "9"]
[EventCountry "HUN"]
[Source "chess.hu"]
[WhiteTeam "HUSI SC"]
[BlackTeam "Vizugyi SC"]
[WhiteTeamCountry "HUN"]
[BlackTeamCountry "HUN"]

1. e4 c5 2. Nf3 d6 3. d4 Nf6 4. Nc3 cxd4 5. Nxd4 Bd7 6. Bg5 e6 7. Qd2 a6 8.
O-O-O Nc6 9. f4 h6 10. Bh4 Nxe4 11. Qe1 Nf6 12. Nf5 Qa5 13. Nxd6+ Bxd6 14. Rxd6
g5 15. fxg5 hxg5 16. Bg3 Nh5 17. Bf2 O-O-O 18. Qd2 Ng7 19. Bc4 Nf5 20. Ne4
Qxd2+ 21. Rxd2 Ne5 22. Bb3 Bc6 23. Rxd8+ Rxd8 24. Re1 Ng4 25. Bb6 Rh8 26. h3
Ngh6 27. Nxg5 Bxg2 28. Nxf7 Nxf7 29. Bxe6+ Kb8 30. Bxf5 Nd6 31. Bg4 Ne4 32. Rg1
Rf8 33. Rxg2 Rf1+ 34. Bd1 1-0

[Event "NB II. Erkel csoport"]
[Site "Budapest"]
[Date "2024.03.03"]
[Round "5.3"]
[White "Tomosvary, Attila"]
[Black "Papp, Gellert"]
[Result "0-1"]
[WhiteElo "2132"]
[BlackElo "2269"]
[PlyCount "70"]
[EventDate "2023.10.08"]
[EventType "team-tourn"]
[EventRounds "9"]
[EventCountry "HUN"]
[Source "chess.hu"]
[WhiteTeam "Vizugyi SC"]
[BlackTeam "HUSI SC"]
[WhiteTeamCountry "HUN"]
[BlackTeamCountry "HUN"]

1. e4 e5 2. Nf3 Nc6 3. d4 exd4 4. Bc4 Nf6 5. e5 d5 6. Bb5 Nd7 7. O-O Be7 8. Re1
O-O 9. Bf4 Ndb8 10. Nxd4 Nxd4 11. Qxd4 c5 12. Qd2 Qb6 13. Nc3 Be6 14. Bf1 Rd8
15. Rab1 a6 16. Bg5 Bxg5 17. Qxg5 Nc6 18. f4 c4+ 19. Kh1 Nd4 20. Red1 Qc5 21.
Rd2 Nf5 22. Rbd1 h6 23. Qh5 Ne3 24. Re1 Bg4 25. Qh4 Bf5 26. Qf2 d4 27. Nd1 Ng4
28. Qg1 Qa5 29. c3 dxc3 30. Rxd8+ Rxd8 31. Nxc3 Rd2 32. Re2 Rxb2 33. h3 Qxc3
34. Rxb2 Qxb2 35. hxg4 c3 0-1

[Event "NB II. Erkel csoport"]
[Site "Budapest"]
[Date "2024.03.03"]
[Round "5.4"]
[White "Biro, David"]
[Black "Torok, Adam"]
[Result "1-0"]
[WhiteElo "2244"]
[BlackElo "2041"]
[PlyCount "81"]
[EventDate "2023.10.08"]
[EventType "team-tourn"]
[EventRounds "9"]
[EventCountry "HUN"]
[Source "chess.hu"]
[WhiteTeam "HUSI SC"]
[BlackTeam "Vizugyi SC"]
[WhiteTeamCountry "HUN"]
[BlackTeamCountry "HUN"]

1. d4 d5 2. Bf4 c6 3. e3 g6 4. h4 h5 5. Bd3 Bg7 6. c3 Nf6 7. Qc2 O-O 8. Nd2 b6
9. Ngf3 Qe8 10. Ne5 Ng4 11. Ndf3 Nxe5 12. Nxe5 Be6 13. f3 c5 14. g4 c4 15. Be2
Nd7 16. gxh5 Nxe5 17. dxe5 gxh5 18. Rg1 Kh8 19. O-O-O f6 20. exf6 exf6 21. Rg3
a5 22. Rdg1 Ra7 23. Bd1 Rg8 24. Qd2 Bf8 25. Rxg8+ Bxg8 26. Qd4 Qe6 27. Rg6 Bg7
28. Bh6 Bxh6 29. Rxh6+ Kg7 30. Rxh5 Bf7 31. Rg5+ Kf8 32. Rg4 Re7 33. Kd2 Bh5
34. Rf4 Kf7 35. Bc2 Kg7 36. Rf5 Bf7 37. h5 Bg8 38. Qg4+ Kh8 39. Qf4 Rh7 40. h6
Bf7 41. Rxf6 1-0

[Event "NB II. Erkel csoport"]
[Site "Budapest"]
[Date "2024.03.03"]
[Round "5.5"]
[White "Budai, Akos"]
[Black "Szabolcsi, Janos"]
[Result "0-1"]
[WhiteElo "2011"]
[BlackElo "2157"]
[PlyCount "152"]
[EventDate "2023.10.08"]
[EventType "team-tourn"]
[EventRounds "9"]
[EventCountry "HUN"]
[Source "chess.hu"]
[WhiteTeam "Vizugyi SC"]
[BlackTeam "HUSI SC"]
[WhiteTeamCountry "HUN"]
[BlackTeamCountry "HUN"]

1. d4 d5 2. c4 c6 3. Nf3 Nf6 4. e3 e6 5. Nc3 Nbd7 6. Bd3 dxc4 7. Bxc4 b5 8. Bd3
Bd6 9. e4 e5 10. Bg5 exd4 11. Nxd4 Ne5 12. Nxc6 Nxc6 13. Bxb5 Bb7 14. Qa4 Rc8
15. Qxa7 Qe7 16. Bxf6 gxf6 17. Qe3 Qe5 18. Rd1 O-O 19. Rd5 Qf4 20. Qxf4 Bxf4
21. Rd7 Na5 22. O-O Be5 23. Nd5 Bxd5 24. Rxd5 Nc6 25. b3 Nb4 26. Rd2 Rc3 27.
Bc4 Bf4 28. Rd7 Nxa2 29. Rfd1 Nb4 30. g3 Bb8 31. Rb7 Nc6 32. Bd5 Rc2 33. Ra1
Be5 34. Ra4 Nd4 35. Kg2 Rd2 36. Raa7 Kh8 37. Bxf7 Nc6 38. Ra6 Nd8 39. Ra8 Nxb7
40. Rxf8+ Kg7 41. Ra8 Kxf7 42. Ra7 Rd7 43. f4 Bd4 44. Ra8 Nc5 45. e5 fxe5 46.
fxe5 Bxe5 47. Ra5 Bd4 48. b4 Nd3 49. b5 Rb7 50. Kf3 Nc5 51. h4 Nb3 52. Ra6 Rxb5
53. g4 Nc5 54. Ra7+ Nb7 55. Ra6 Rb4 56. g5 Be5 57. h5 Kg7 58. Re6 Bd6 59. h6+
Kf7 60. Rf6+ Ke7 61. g6 hxg6 62. Rxg6 Nd8 63. Rg1 Rh4 64. Ra1 Rxh6 65. Ke4 Rh5
66. Ra8 Nc6 67. Ra1 Ke6 68. Ra8 Ne7 69. Ra6 Rh4+ 70. Kd3 Kd5 71. Ra5+ Bc5 72.
Ra8 Rh3+ 73. Ke2 Ke4 74. Kd2 Nd5 75. Kc2 Kd4 76. Ra4+ Nb4+ 0-1

[Event "NB II. Erkel csoport"]
[Site "Budapest"]
[Date "2024.03.03"]
[Round "5.6"]
[White "Fendrik, Lajos"]
[Black "Kulcsar, Tamas"]
[Result "1/2-1/2"]
[WhiteElo "2130"]
[BlackElo "1986"]
[PlyCount "79"]
[EventDate "2023.10.08"]
[EventType "team-tourn"]
[EventRounds "9"]
[EventCountry "HUN"]
[Source "chess.hu"]
[WhiteTeam "HUSI SC"]
[BlackTeam "Vizugyi SC"]
[WhiteTeamCountry "HUN"]
[BlackTeamCountry "HUN"]

1. e4 e5 2. Nf3 Nc6 3. Bb5 a6 4. Bxc6 dxc6 5. O-O f6 6. d4 Bg4 7. dxe5 Qxd1 8.
Rxd1 fxe5 9. Rd3 Bd6 10. Nbd2 Nf6 11. Nc4 Bxf3 12. gxf3 O-O-O 13. Bg5 b5 14.
Ne3 Bc5 15. Rad1 Bxe3 16. Rxd8+ Rxd8 17. Rxd8+ Kxd8 18. Bxf6+ gxf6 19. fxe3 c5
20. Kf2 Ke7 21. Kg3 Kf7 22. Kg4 Kg6 23. Kh4 c4 24. Kg4 a5 25. c3 c6 26. a3 c5
27. Kh4 Kh6 28. f4 b4 29. a4 Kg6 30. Kg4 b3 31. Kh3 Kg7 32. Kg3 Kg6 33. Kh4 h6
34. Kh3 Kg7 35. Kh4 Kg6 36. Kg4 h5+ 37. Kh4 Kh6 38. f5 Kg7 39. Kxh5 Kh7 40. h3
1/2-1/2

[Event "NB II. Erkel csoport"]
[Site "Budapest"]
[Date "2024.03.03"]
[Round "5.7"]
[White "Balint, Laszlo Dr"]
[Black "Feher, Botond"]
[Result "0-1"]
[WhiteElo "1878"]
[BlackElo "2018"]
[PlyCount "94"]
[EventDate "2023.10.08"]
[EventType "team-tourn"]
[EventRounds "9"]
[EventCountry "HUN"]
[Source "chess.hu"]
[WhiteTeam "Vizugyi SC"]
[BlackTeam "HUSI SC"]
[WhiteTeamCountry "HUN"]
[BlackTeamCountry "HUN"]

1. d4 d5 2. Nf3 e6 3. g3 Nf6 4. Bg2 c5 5. e3 Nc6 6. O-O cxd4 7. exd4 Bd6 8. Re1
O-O 9. Nbd2 b6 10. c4 Bb7 11. a3 Rc8 12. b4 dxc4 13. Nxc4 Be7 14. Ne3 Qd7 15.
Bb2 Rfd8 16. Rc1 Nd5 17. Nxd5 Qxd5 18. Ne5 Qd6 19. Nxc6 Bxc6 20. Bxc6 Rxc6 21.
Qd2 Rxc1 22. Rxc1 Bf6 23. Rd1 h6 24. h4 Qd5 25. f4 e5 26. fxe5 Bxe5 27. Qg2 Qb3
28. Rd2 Qe3+ 29. Qf2 Qxg3+ 30. Kf1 Qh3+ 31. Qg2 Qf5+ 32. Ke1 Bf4 33. Re2 Rd6
34. Re8+ Kh7 35. Qe4 Qxe4+ 36. Rxe4 Re6 37. Rxe6 fxe6 38. h5 g6 39. hxg6+ Kxg6
40. Ke2 b5 41. Kf2 Kf5 42. Kf3 h5 43. a4 bxa4 44. b5 h4 45. Ba3 h3 46. Bc5 h2
47. Kg2 Ke4 0-1

[Event "NB II. Erkel csoport"]
[Site "Budapest"]
[Date "2024.03.03"]
[Round "5.8"]
[White "Feher, Tamas"]
[Black "D Albini, Geza"]
[Result "1-0"]
[WhiteElo "2124"]
[BlackElo "1837"]
[PlyCount "91"]
[EventDate "2023.10.08"]
[EventType "team-tourn"]
[EventRounds "9"]
[EventCountry "HUN"]
[Source "chess.hu"]
[WhiteTeam "HUSI SC"]
[BlackTeam "Vizugyi SC"]
[WhiteTeamCountry "HUN"]
[BlackTeamCountry "HUN"]

1. e4 d6 2. c4 c5 3. Nc3 Nc6 4. g3 g6 5. Bg2 Bg7 6. Nge2 e5 7. d3 Nge7 8. O-O
O-O 9. Rb1 Be6 10. Nd5 Qd7 11. a3 Nd4 12. Nxd4 cxd4 13. Nxe7+ Qxe7 14. f4 f5
15. exf5 gxf5 16. Bd2 Qd7 17. Re1 Rfe8 18. fxe5 dxe5 19. b4 Rac8 20. b5 Bf7 21.
Qf3 b6 22. a4 e4 23. dxe4 fxe4 24. Rxe4 Bxc4 25. Rbe1 Bf7 26. Qd3 Bg6 27. Rxe8+
Rxe8 28. Qc4+ Bf7 29. Rxe8+ Qxe8 30. Bd5 h6 31. Bxf7+ Qxf7 32. Qxf7+ Kxf7 33.
Kf2 Ke6 34. Ke2 Kd5 35. Kd3 h5 36. Bg5 Be5 37. Bd8 Bd6 38. Bf6 Be5 39. Bxe5
Kxe5 40. h3 Kd5 41. g4 h4 42. g5 Ke5 43. g6 Kf6 44. Kxd4 Kxg6 45. Ke4 Kf6 46.
Kf4 1-0

[Event "NB II. Erkel csoport"]
[Site "Budapest"]
[Date "2024.03.03"]
[Round "5.9"]
[White "Kiss, Balazs Dr"]
[Black "Horvath, Antal Jr"]
[Result "0-1"]
[WhiteElo "1831"]
[BlackElo "2040"]
[PlyCount "30"]
[EventDate "2023.10.08"]
[EventType "team-tourn"]
[EventRounds "9"]
[EventCountry "HUN"]
[Source "chess.hu"]
[WhiteTeam "Vizugyi SC"]
[BlackTeam "HUSI SC"]
[WhiteTeamCountry "HUN"]
[BlackTeamCountry "HUN"]

1. e4 c5 2. c3 d5 3. exd5 Qxd5 4. Nf3 Nc6 5. Na3 Bg4 6. Bc4 Qe4+ 7. Qe2 Bxf3 8.
gxf3 Qxe2+ 9. Kxe2 e6 10. Bb5 Nge7 11. b4 cxb4 12. Nc4 O-O-O 13. cxb4 Nd4+ 14.
Kf1 Nxb5 15. Ne5 Nd6 0-1

[Event "NB II. Erkel csoport"]
[Site "Budapest"]
[Date "2024.03.03"]
[Round "5.10"]
[White "Biro, Laszlo"]
[Black "Russa, Roberto"]
[Result "1-0"]
[WhiteElo "1958"]
[BlackElo "1882"]
[PlyCount "37"]
[EventDate "2023.10.08"]
[EventType "team-tourn"]
[EventRounds "9"]
[EventCountry "HUN"]
[Source "chess.hu"]
[WhiteTeam "HUSI SC"]
[BlackTeam "Vizugyi SC"]
[WhiteTeamCountry "HUN"]
[BlackTeamCountry "HUN"]

1. d4 e6 2. e4 d5 3. Nd2 c5 4. exd5 cxd4 5. Bb5+ Bd7 6. dxe6 Bxb5 7. exf7+ Ke7
8. fxg8=Q Rxg8 9. Qh5 Qd7 10. Qxh7 Kf7 11. Ne4 Bb4+ 12. Bd2 Na6 13. Nf3 Rae8
14. O-O-O Qd5 15. Bxb4 Nxb4 16. Rxd4 Qc6 17. Qf5+ Ke7 18. Rxb4 Bd3 19. Qc5+ 1-0

[Event "NB II. Erkel csoport"]
[Site "Budapest"]
[Date "2024.03.03"]
[Round "5.11"]
[White "Lestyak, Barnabas"]
[Black "Geher, Jozsef"]
[Result "0-1"]
[WhiteElo "1654"]
[BlackElo "1919"]
[PlyCount "99"]
[EventDate "2023.10.08"]
[EventType "team-tourn"]
[EventRounds "9"]
[EventCountry "HUN"]
[Source "chess.hu"]
[WhiteTeam "Vizugyi SC"]
[BlackTeam "HUSI SC"]
[WhiteTeamCountry "HUN"]
[BlackTeamCountry "HUN"]

1. e4 d6 2. Nf3 Nf6 3. Nc3 g6 4. d4 Bg7 5. Bc4 O-O 6. O-O Nxe4 7. Nxe4 d5 8.
Bxd5 Qxd5 9. Nc3 Qh5 10. Ne5 Qxd1 11. Rxd1 Bf5 12. g4 Be6 13. h3 c5 14. Bf4
cxd4 15. Rxd4 Bxe5 16. Bxe5 Nc6 17. Re4 Nxe5 18. Rxe5 Rfd8 19. Nb5 Rac8 20. Rc1
a6 21. Nc3 Rd2 22. Re2 Rcd8 23. Rxd2 Rxd2 24. Ne4 Rd4 25. Nc5 Bd5 26. b3 h5 27.
c3 Rd2 28. c4 Bc6 29. a4 hxg4 30. hxg4 Rd4 31. Rc3 Rxg4+ 32. Kf1 Rd4 33. b4 b6
34. Nxa6 Bxa4 35. b5 Rxc4 36. Rxc4 Bxb5 37. Nb4 Bxc4+ 38. Ke1 b5 39. Nc6 Kf8
40. Ne5 g5 41. Kd2 f6 42. Nf3 e5 43. Kc3 Ke7 44. Nd2 Ke6 45. Nxc4 bxc4 46. Kxc4
Kf5 47. Kd3 Kf4 48. Ke2 e4 49. Kf1 e3 50. fxe3+ 0-1

[Event "NB II. Erkel csoport"]
[Site "Dunaharaszti"]
[Date "2024.03.10"]
[Round "6.1"]
[White "Szamoskozi, Gabor"]
[Black "Berczes, Csaba"]
[Result "1-0"]
[WhiteElo "2232"]
[BlackElo "2286"]
[PlyCount "61"]
[EventDate "2023.10.08"]
[EventType "team-tourn"]
[EventRounds "9"]
[EventCountry "HUN"]
[Source "chess.hu"]
[WhiteTeam "Vizugyi SC"]
[BlackTeam "Dunaharaszti MTK II."]
[WhiteTeamCountry "HUN"]
[BlackTeamCountry "HUN"]

1. e4 Nf6 2. e5 Nd5 3. d4 d6 4. c4 Nb6 5. exd6 cxd6 6. Nc3 g6 7. Be3 Bg7 8. Rc1
O-O 9. Nf3 e5 10. dxe5 dxe5 11. Qxd8 Rxd8 12. c5 N6d7 13. Bc4 Nc6 14. Ng5 Rf8
15. O-O Nf6 16. f3 Bh6 17. h4 Kg7 18. Rfe1 Ne8 19. a3 f6 20. b4 Nc7 21. Rcd1 a6
22. Na4 Bxg5 23. hxg5 Be6 24. Bxe6 Nxe6 25. Nb6 Rad8 26. Nd7 Rf7 27. Nxf6 Rxd1
28. Rxd1 Ncd4 29. Kf2 Kf8 30. Rh1 h5 31. gxh6 1-0

[Event "NB II. Erkel csoport"]
[Site "Dunaharaszti"]
[Date "2024.03.10"]
[Round "6.3"]
[White "Mika, Janos"]
[Black "Vegh, Endre"]
[Result "1/2-1/2"]
[WhiteElo "2107"]
[BlackElo "2165"]
[PlyCount "77"]
[EventDate "2023.10.08"]
[EventType "team-tourn"]
[EventRounds "9"]
[EventCountry "HUN"]
[Source "chess.hu"]
[WhiteTeam "Vizugyi SC"]
[BlackTeam "Dunaharaszti MTK II."]
[WhiteTeamCountry "HUN"]
[BlackTeamCountry "HUN"]

1. e4 d6 2. d4 Nf6 3. Nc3 Nbd7 4. f4 e5 5. Nf3 exd4 6. Nxd4 g6 7. Bc4 Bg7 8.
O-O O-O 9. Nf3 Nb6 10. Bb3 c5 11. a4 c4 12. Ba2 Qc7 13. Be3 a6 14. Qd4 Nfd5 15.
Nxd5 Bxd4 16. Nxc7 Bxe3+ 17. Kh1 Rb8 18. a5 Na4 19. Nd5 Ba7 20. Bxc4 Nc5 21.
Rfe1 Kg7 22. b4 Ne6 23. f5 Nd4 24. Nxd4 Bxd4 25. Rad1 Be5 26. f6+ Kh8 27. Rf1
Bg4 28. Rb1 Rbc8 29. Nb6 Rc7 30. Bd5 Be6 31. c4 Kg8 32. Rbc1 Bd4 33. Rf3 Re8
34. g3 Bh3 35. Rc2 h5 36. Na4 Bg4 37. Rf1 Bh3 38. Rf3 Bg4 39. Rf1 1/2-1/2

[Event "NB II. Erkel csoport"]
[Site "Dunaharaszti"]
[Date "2024.03.10"]
[Round "6.4"]
[White "Baski, Barnabas"]
[Black "Tomosvary, Attila"]
[Result "1/2-1/2"]
[WhiteElo "2147"]
[BlackElo "2132"]
[PlyCount "119"]
[EventDate "2023.10.08"]
[EventType "team-tourn"]
[EventRounds "9"]
[EventCountry "HUN"]
[Source "chess.hu"]
[WhiteTeam "Dunaharaszti MTK II."]
[BlackTeam "Vizugyi SC"]
[WhiteTeamCountry "HUN"]
[BlackTeamCountry "HUN"]

1. d4 g6 2. Nf3 Bg7 3. Bf4 c5 4. e3 Nf6 5. c3 cxd4 6. exd4 d6 7. Be2 O-O 8. O-O
Nbd7 9. Nbd2 Nh5 10. Be3 e5 11. dxe5 dxe5 12. Nc4 Nf4 13. Bxf4 exf4 14. Nd6 Nc5
15. Bc4 Be6 16. Bxe6 Nxe6 17. Ne4 Qxd1 18. Rfxd1 Rfd8 19. Nfg5 Nxg5 20. Nxg5 b5
21. Kf1 a5 22. Rxd8+ Rxd8 23. Ke2 b4 24. Rc1 Rc8 25. Kd3 a4 26. Ne4 f5 27. Nd2
a3 28. bxa3 bxc3 29. Nb1 Ra8 30. Kc2 Kf7 31. Nxc3 Rxa3 32. Kb2 Ra7 33. Rc2 Ke6
34. Kb3 Bxc3 35. Kxc3 Kd5 36. Rd2+ Ke5 37. Kb4 Rb7+ 38. Kc5 Rb1 39. Re2+ Kf6
40. a4 Rc1+ 41. Kb5 Rb1+ 42. Kc5 Rc1+ 43. Kb5 Rb1+ 44. Ka6 g5 45. a5 g4 46. Ka7
h5 47. a6 h4 48. Ka8 g3 49. fxg3 fxg3 50. hxg3 hxg3 51. a7 f4 52. Re8 Rb2 53.
Rb8 Rxg2 54. Rb6+ Kf5 55. Kb7 Ra2 56. Ra6 Rxa6 57. Kxa6 g2 58. a8=Q g1=Q 59.
Qd5+ Kf6 60. Qd6+ 1/2-1/2